000
00333nam a2200133Ia 4500
008
240624s9999 xx 000 0 und d
041
_a
eng
082
_a
658.8 CYR
100
_a
CRY DONALD
245
_a
MARKETING YOUR PRODUCT
260
_c
2002
_a
Mumbai
_b
Jaico Publishing House
300
_a
xviii, : 181 : p. : cm. ; 25
365
_c
RS
999
_c
741
_d
741